LEADER 01423nam a2200313 u 4500 001 000000112385 003 CaOOAMICUS 005 20080707125920.0 008 080707s2008 it u000 u ita u 020 $z978-88-394-0751-1* 040 $aPUL$bita$dDLB 041 1 $aita$heng 100 1 $aMalina, Bruce J.,$cO.F.M.$0(OLS)http://pul/name/48966 240 10$aNew Testament world. Insights from cultural anthropology.$lItaliano.$0(OLS)http://pul/title/141235 245 10$aNuovo Testamento e antropologia culturale /$cBruce J. Malina. 260 $aBrescia :$bPaideia,$c2008. 300 $a263 p. ;$c23 cm. 490 1 $aIntroduzione allo studio della Bibbia.$aSupplementi ;$v39 500 $aTraduzione di Angelo Fracchia. 504 $aBibliografia in nota. 630 04$aBiblia.$pN.T.$xCritica e interpretazione.$0(OLS)http://pul/subject/1926 650 14$aAntropologia culturale.$0(OLS)http://pul/subject/6911 830 0$aIntroduzione allo studio della Bibbia.$pSupplementi ;$v39.$0(OLS)http://pul/title/41883 850 $aPUL 852 $aPUL$W1$xSL Religione 1$y3$m1 C 112.39$j128572$qStampati$B127506$CPULBib$Z2$F127506 $H107923 $82 941 1 $a8 996 $6020$z978-88-394-0751-1*$9(OLS)http://pul/number/138305 996 $6245$aNuovo Testamento e antropologia culturale$9(OLS)http://pul/title/141236 996 $6260$aBrescia :$bPaideia$9(OLS)http://pul/publisher/47884 LEADER 01240nam a2200277 u 4500 001 000000109221 003 CaOOAMICUS 005 20080128102609.0 008 080128s2004 it u000 u ita u 020 $a88-495-0887-5 040 $aPUL$bita$dLDB 100 1 $aFausti, Pier Luigi,$d1958-$0(OLS)http://pul/name/66895 245 13$aIl mutuo /$cPier Luigi Fausti. 260 $aNapoli :$bEdizioni scientifiche italiane,$c2004. 300 $axiv, 418 p. ;$c24 cm. 490 1 $aTrattato di diritto civile del Consiglio Nazionale del Notariato.$a4, Autonomia negoziale ;$v17 500 $aContiene indici. 504 $aBibliografia in nota. 650 4$aMutuo.$0(OLS)http://pul/subject/27449 830 0$aTrattato di diritto civile del Consiglio Nazionale del Notariato.$n4,$pAutonomia negoziale ;$v17.$0(OLS)http://pul/title/137406 850 $aPUL 852 $aPUL$W1$xSL Diritto e Scienze Sociali 3$y79$m346. 45 COLL 3.7$j124811$qDDC 21$B123551$CPULBib$Z2$F123551 $H106225 $82 941 1 $a9 996 $6020$a88-495-0887-5$9(OLS)http://pul/number/136830 996 $6245$aIl mutuo$9(OLS)http://pul/title/137412 996 $6260$aNapoli :$bEdizioni scientifiche italiane$9(OLS)http://pul/publisher/48388